000
00333nam a2200133Ia 4500
008
220524s9999 xx 000 0 und d
041
_a
eng
082
_a
001.4
100
_a
Simon Seivewright
_9
2979
245
_a
Research and Design (Basics fashion design)
260
_b
AVA Publishing SA
650
_a
Research
_9
2980
906
_a
390
999
_c
5121
_d
5121